| 000 | 00449pab a2200157 454500 | ||
|---|---|---|---|
| 008 | 180718b2005 xxu||||| |||| 00| 0 eng d | ||
| 100 | _aBezbaruah, Debendra Kumar | ||
| 245 | _aMarital status of the scheduled caste people of a compact area in Assam (an empirical micro-study) | ||
| 260 | _c2005 | ||
| 300 | _ap.127-51. | ||
| 362 | _aJan-Mar | ||
| 650 | _aCaste - India - Assam | ||
| 650 | _aCaste | ||
| 773 | _aIASSI Quarterly | ||
| 909 | _a68978 | ||
| 999 |
_c68978 _d68978 |
||